000 01330nam a2200361 a 4500
001 26184
003 CO-ViMGA
005 20230915232149.0
006 bimo0000936896
008 141112s2004 ck r 000 u spa d
016 _abimoBNE19981823262 SpMaBN
017 _aM 43295 - 1997 Oficina Depósito Legal Madrid
020 _a8471122200
035 _a(OCoLC)45360266
040 _aCO-ViMGA
_bspa
_cCO-ViMGA
041 _aspa
_beng
080 _a37.017
082 0 4 _a375 S73i
100 1 _aStenhouse, Lawrence
_940863
240 _aAn introduction to curriculum research and development Español
245 1 0 _aInvestigación y desarrollo del curriculum /
_cLawrence Stenhouse ; prólogo por José Gimeno Sacristán ; versión española de Alfredo Guera Miralles ; revisión de Javier Maestro Backsbacka
250 _a6a. ed.
260 _aMadrid Morata 1998
300 _a319 p. : 21 cm
490 _aLa pedagogía hoy
594 _aTraducción de : An introduction to curriculum research and development
650 1 4 _aCurriculo
_954044
650 1 4 _aInvestigación educativa
_950938
650 1 4 _aProgramas de estudio - Planificación
_940864
942 _2ddc
_cBK
956 _a2
980 _a017. M 43295 - 1997 020. 84 - 7112 - 220 - 0 852. 40 M - BN BNALCALA MO02969099 10/65191 DG ALCALA
999 _c33375
_d33375